Necesidad de una Ley de calidad en la atención de la salud y de seguridad de los y las pacientes / (Registro nro. 5407)
[ vista simple ]
| 000 -LEADER | |
|---|---|
| fixed length control field | 02083nab a22002897a 4500 |
| 003 - CONTROL NUMBER IDENTIFIER | |
| control field | OSt |
| 005 - DATE AND TIME OF LATEST TRANSACTION | |
| control field | 20250312092152.0 |
| 008 - FIXED-LENGTH DATA ELEMENTS--GENERAL INFORMATION | |
| fixed length control field | 190604e xxu||||| |||| 00| 0 spa d |
| 040 ## - CATALOGING SOURCE | |
| Transcribing agency | PJ |
| 100 ## - MAIN ENTRY--PERSONAL NAME | |
| 9 (RLIN) | 6435 |
| Personal name | Garay, Oscar Ernesto |
| 245 10 - TITLE STATEMENT | |
| Title | Necesidad de una Ley de calidad en la atención de la salud y de seguridad de los y las pacientes / |
| Statement of responsibility, etc | Oscar Ernesto Garay. |
| 260 ## - PUBLICATION, DISTRIBUTION, ETC. (IMPRINT) | |
| Place of publication, distribution, etc | Ciudad Autónoma de Buenos Aires : |
| Name of publisher, distributor, etc | Thomson Reuters La Ley, |
| Date of publication, distribution, etc | 2024. |
| 300 ## - PHYSICAL DESCRIPTION | |
| Extent | p. 3-48 |
| 500 ## - GENERAL NOTE | |
| General note | Cita Online: TR LALEY AR/DOC/1530/24. |
| 505 ## - FORMATTED CONTENTS NOTE | |
| Formatted contents note | Sumario: I. Introducción.— II. La finalidad de alcanzar la calidad y la seguridad en la atención sanitaria.— III. Marco normativo para la calidad en salud y la seguridad del/de la paciente.— IV. Ética y bioética. Antecedentes acerca de la calidad en la atención de la salud y sobre la seguridad del / de la paciente. Políticas de la OMS/OPS.— V. Planteando objetivos en post de la calidad y seguridad en salud.— VI. Filosofía de la ley. Principios.— VII. Calidad de la atención sanitaria.— VIII. Seguridad de la atención sanitaria. Seguridad de pacientes.— IX. Ámbito de aplicación de la "Ley Nicolás".— X. El equipo de salud.— XI. De las instituciones prestadoras del servicio de salud.— XII. De los registros.— XIII. Acerca de la notificación de eventos adversos.— XIV. La creación del Registro Unificado de Eventos Centinela (RUDEC).— XV. La autoridad de aplicación de la "Ley Nicolás". Funciones.— XVI. Final. |
| 505 ## - FORMATTED CONTENTS NOTE | |
| Title | ¿Te interesa el texto completo? Solicitalo al correo: koha@justierradelfuego.gov.ar<br/> |
| 650 #0 - SUBJECT ADDED ENTRY--TOPICAL TERM | |
| 9 (RLIN) | 1253 |
| Topical term or geographic name as entry element | DERECHO A LA SALUD |
| 650 #0 - SUBJECT ADDED ENTRY--TOPICAL TERM | |
| 9 (RLIN) | 4094 |
| Topical term or geographic name as entry element | BIOÉTICA |
| 650 #0 - SUBJECT ADDED ENTRY--TOPICAL TERM | |
| 9 (RLIN) | 1497 |
| Topical term or geographic name as entry element | CODIGO CIVIL Y COMERCIAL |
| 650 #0 - SUBJECT ADDED ENTRY--TOPICAL TERM | |
| 9 (RLIN) | 5365 |
| Topical term or geographic name as entry element | ASISTENCIA MÉDICA |
| 650 #0 - SUBJECT ADDED ENTRY--TOPICAL TERM | |
| 9 (RLIN) | 4418 |
| Topical term or geographic name as entry element | TRATAMIENTO MÉDICO |
| 650 #0 - SUBJECT ADDED ENTRY--TOPICAL TERM | |
| 9 (RLIN) | 614 |
| Topical term or geographic name as entry element | DERECHOS HUMANOS |
| 650 #0 - SUBJECT ADDED ENTRY--TOPICAL TERM | |
| 9 (RLIN) | 3350 |
| Topical term or geographic name as entry element | MÉDICOS |
| 650 #0 - SUBJECT ADDED ENTRY--TOPICAL TERM | |
| 9 (RLIN) | 4193 |
| Topical term or geographic name as entry element | PROYECTO DE LEY |
| 773 0# - HOST ITEM ENTRY | |
| Host Biblionumber | 2714 |
| Host Itemnumber | 3171 |
| Place, publisher, and date of publication | Ciudad Autónoma de Buenos Aires : Thomson Reuters La Ley, 2014- |
| Title | Revista anales de legislación argentina. Nº 7 - Julio 2024. |
| 942 ## - ADDED ENTRY ELEMENTS (KOHA) | |
| Source of classification or shelving scheme | |
| Koha item type | Analítica Artículo de Revista |
No hay ítems disponibles.
